KONTROLA SÚBOROV VSTUPNÝCH ÚDAJOV V AUTOMATIZOVANOM INFORMAČNOM SYSTÉME HOSPODÁRSKEJ ÚPRAVY LESOV

Podrobná bibliografia
Hlavný autor: Herich, Ivan (Autor)
Médium: Článok
Jazyk:slovenčina

MARC

LEADER 00000nab a2200000 a 4500
001 vtls011131661
003 SK-MaSNL
005 20260303150901.0
008 230222|1980 xo |||||||||||||||||slo|
015 |a SNBRB 
035 |a (uuid)6a6bd521-0afa-4012-ae23-7f9fe74d3252 
035 |a (urnnbn)urn:nbn:sk:snk:ar-a09lmi 
035 |a urn:nbn:sk:snk-aba9ct 
040 |a SNKBUCL  |b slo  |c SNKBUCL  |e AACR2 
041 0 |a slo 
044 |a xo  |c SK 
100 1 |a Herich, Ivan  |4 aut  |9 423401 
245 1 0 |a KONTROLA SÚBOROV VSTUPNÝCH ÚDAJOV V AUTOMATIZOVANOM INFORMAČNOM SYSTÉME HOSPODÁRSKEJ ÚPRAVY LESOV  |c Ivan Herich 
246 3 |a Control of Input Data Sets in Automated Information System of Forest Management 
773 0 |t Acta Facultatis Forestalis Zvolen Czechoslovakia  |g Roč. 22, č. 22 (1980), s. 205-232 
954 |a odborná, vedecká literatúra pôvodná (slovenská)  |2 lita 
958 |a OND 
958 |a EUIPO 
958 |a article13 
999 |c 2014239  |d 2016169